Statistics for Guangdong Prefecture-Level Cities (Map)

Click here to take the quiz!

General Stats

  • This quiz has been taken 95 times
    (68 since last reset)
  • The average score is 42 of 51

Answers on the Map

Answers color-coded by a green-red scale on the quiz's map according to % correct below.
 

Answer Stats

Prefecture-level city% Correct
Shenzhen
98%
Guangzhou
96%
Guangzhou
96%
Guangzhou
96%
Guangzhou
96%
Dongguan
90%
Foshan
90%
Shantou
86%
Shantou
86%
Shantou
86%
Zhuhai
86%
Zhuhai
86%
Zhuhai
86%
Zhuhai
86%
Zhuhai
86%
Zhuhai
86%
Zhuhai
86%
Zhuhai
86%
Zhanjiang
84%
Zhanjiang
84%
Zhanjiang
84%
Zhanjiang
84%
Zhanjiang
84%
Zhanjiang
84%
Huizhou
82%
Jiangmen
82%
Jiangmen
82%
Jiangmen
82%
Jiangmen
82%
Maoming
82%
Zhaoqing
82%
Zhongshan
82%
Chaozhou
80%
Meizhou
80%
Meizhou
80%
Meizhou
80%
Shanwei
76%
Shanwei
76%
Shanwei
76%
Jieyang
74%
Qingyuan
74%
Shaoguan
72%
Shaoguan
72%
Yunfu
72%
Heyuan
70%
Heyuan
70%
Heyuan
70%
Heyuan
70%
Heyuan
70%
Yangjiang
68%
Yangjiang
68%

Score Distribution

Percentile by Number Answered

Percent of People with Each Score

Your Score History

You have not taken this quiz since the last reset